| Record ID | ia:orientationtocou0000unse |
| Source | Internet Archive |
| Download MARC XML | https://archive.org/download/orientationtocou0000unse/orientationtocou0000unse_marc.xml |
| Download MARC binary | https://www.archive.org/download/orientationtocou0000unse/orientationtocou0000unse_meta.mrc |
LEADER: 01069cam a2200301 a 4500
001 2009004382
003 DLC
005 20111118081835.0
008 090223s2010 maua b 001 0 eng
010 $a 2009004382
015 $aGBA924771$2bnb
016 7 $a014925982$2Uk
020 $a9780132283519 (alk. paper)
020 $a0132283514 (alk. paper)
035 $a(OCoLC)ocn268788983
040 $aDLC$cDLC$dBTCTA$dYDXCP$dUKM$dYDX$dCDX$dC#P$dBWX$dLOY$dUAB$dTXI$dDLC
043 $an-us---
050 00 $aBF636.6$b.O75 2010
082 00 $a361/.06$222
245 00 $aOrientation to the counseling profession :$badvocacy, ethics, and essential professional foundations /$c[edited by] Bradley T. Erford.
260 $aBoston :$bPearson,$cc2010.
300 $axxvii, 452 p. :$bill. ;$c24 cm.
490 1 $aThe Merrill counseling series
504 $aIncludes bibliographical references (p. 419-444) and index.
650 0 $aCounseling$zUnited States.
650 0 $aEducational counseling$zUnited States.
700 1 $aErford, Bradley T.
830 0 $aMerrill counseling series.